<?xml version="1.0" encoding="UTF-8"?><?xml-stylesheet type="text/xsl" href="static/style.xsl"?><OAI-PMH xmlns="http://www.openarchives.org/OAI/2.0/" xmlns:xsi="http://www.w3.org/2001/XMLSchema-instance" xsi:schemaLocation="http://www.openarchives.org/OAI/2.0/ http://www.openarchives.org/OAI/2.0/OAI-PMH.xsd"><responseDate>2026-04-13T07:19:19Z</responseDate><request verb="GetRecord" identifier="oai:www.recercat.cat:10230/20190" metadataPrefix="marc">https://recercat.cat/oai/request</request><GetRecord><record><header><identifier>oai:recercat.cat:10230/20190</identifier><datestamp>2025-12-24T02:05:19Z</datestamp><setSpec>com_2072_6</setSpec><setSpec>col_2072_452953</setSpec></header><metadata><record xmlns="http://www.loc.gov/MARC21/slim" xmlns:dcterms="http://purl.org/dc/terms/" xmlns:xsi="http://www.w3.org/2001/XMLSchema-instance" xmlns:doc="http://www.lyncode.com/xoai" xsi:schemaLocation="http://www.loc.gov/MARC21/slim http://www.loc.gov/standards/marcxml/schema/MARC21slim.xsd">
   <leader>00925njm 22002777a 4500</leader>
   <datafield ind2=" " ind1=" " tag="042">
      <subfield code="a">dc</subfield>
   </datafield>
   <datafield ind2=" " ind1=" " tag="720">
      <subfield code="a">Zapata Barrero, Ricard</subfield>
      <subfield code="e">author</subfield>
   </datafield>
   <datafield ind2=" " ind1=" " tag="720">
      <subfield code="a">Pinyol Jiménez, Gemma</subfield>
      <subfield code="e">author</subfield>
   </datafield>
   <datafield ind2=" " ind1=" " tag="260">
      <subfield code="c">2013-01-23T10:13:31Z</subfield>
   </datafield>
   <datafield ind2=" " ind1=" " tag="260">
      <subfield code="c">2013-01-23T10:13:31Z</subfield>
   </datafield>
   <datafield ind2=" " ind1=" " tag="260">
      <subfield code="c">2013-01</subfield>
   </datafield>
   <datafield ind2=" " ind1=" " tag="260">
      <subfield code="c">2013-01-18T12:01:16Z</subfield>
   </datafield>
   <datafield ind2=" " ind1=" " tag="520">
      <subfield code="a">Los gobiernos locales necesitan criterios minimos comunes para gestionar las dinámicas sociales que supone la diversidad. Este Manual defiende la estrategia de la interculturalidad como enfoque político público, basado en una forma de interpretar la diversidad como un recurso positivo, como una cultura y un bien públicos. Se trata de una orientación quepromueve la interacción equitativa como base para generar un espacio público común cohesionado.Este Manual proporciona instrumentos conceptuales y prácticos para ayudar (e inspirar) a aquellas ciudades que quieran incorporar la interculturalidad como proyecto urbano. Aspira a ser una base de discusión para trabajar conjuntamente en administraciones locales y otros niveles de gobierno, para instituciones, colectivos asociativos, políticos, culturales.Se presentan los resultados de una acción de la Red de Ciudades Interculturales (RECI), en el marco del programa Intercultural Cities del Consejo de Europa, con el apoyo en España de la Obra Social “La Caixa”.</subfield>
   </datafield>
   <datafield tag="653" ind2=" " ind1=" ">
      <subfield code="a">Immigració</subfield>
   </datafield>
   <datafield ind2="0" ind1="0" tag="245">
      <subfield code="a">Manual para el diseño de políticas interculturales</subfield>
   </datafield>
</record></metadata></record></GetRecord></OAI-PMH>